Dohoda o pracovnej činnosti vs. dohoda o vykonaní práce

Spoločné znaky a rozdiely medzi dohodou o pracovnej činnosti a dohodou o vykonaní práce. Náklady na zdravotné a sociálne poistenie, ktoré z nich vyplývajú pre zamestnávateľa.

Enregistré dans:
Détails bibliographiques
Auteur principal: Slaninková, Katarína
Format: Chapitre de livre
Langue:slovaque
Sujets:
Tags: Ajouter un tag
Pas de tags, Soyez le premier à ajouter un tag!

MARC

LEADER 00000naa a2200000 4500
001 0236800
005 20171025090657.5
041 0 |a slo 
044 |a SK 
245 1 0 |a Dohoda o pracovnej činnosti vs. dohoda o vykonaní práce  |c Katarína Slaninková 
520 |a Spoločné znaky a rozdiely medzi dohodou o pracovnej činnosti a dohodou o vykonaní práce. Náklady na zdravotné a sociálne poistenie, ktoré z nich vyplývajú pre zamestnávateľa. 
610 2 0 |a zamestnávatelia 
610 2 0 |a dohody o činnosti pracovnej 
610 2 0 |a dohody o vykonaní práce 
610 2 0 |a náklady 
610 2 0 |a poistenie sociálne 
610 2 0 |a poistenie zdravotné 
100 1 |a Slaninková, Katarína